Introduction to construction contract management (Record no. 115860)

MARC details
000 -LEADER
fixed length control field 00922cab a22002175a 4500
001 - CONTROL NUMBER
control field L159392
008 - FIXED-LENGTH DATA ELEMENTS--GENERAL INFORMATION
fixed length control field 170130e2017 xxk 000 0 eng d
020 ## - INTERNATIONAL STANDARD BOOK NUMBER
International Standard Book Number 9781138844179
035 ## - SYSTEM CONTROL NUMBER
System control number (Sirsi) u159392
041 0# - LANGUAGE CODE
Language code of text/sound track or separate title eng
100 1# - MAIN ENTRY--PERSONAL NAME
Personal name Greenhalgh, Brian
245 00 - TITLE STATEMENT
Title Introduction to construction contract management
260 ## - PUBLICATION, DISTRIBUTION, ETC.
Place of publication, distribution, etc. Abingdon
Name of publisher, distributor, etc. Routledge
Date of publication, distribution, etc. 2017
300 ## - PHYSICAL DESCRIPTION
Extent xvii, 235p.
Dimensions 25cm
520 ## - SUMMARY, ETC.
Summary, etc. Provides an introduction to construction contract admnistration and management covering the delivery and execution stage of a construction project. Looks at initiating the construction stage, management of the project and completion issues. Concludes with claims and disputes, ethics and fair dealing. Flow chart illustrates the processes for easy understanding.
590 ## - LOCAL NOTE (RLIN)
Local note KA
650 24 - SUBJECT ADDED ENTRY--TOPICAL TERM
Topical term or geographic name entry element CONTRACT ADMINISTRATION
651 #4 - SUBJECT ADDED ENTRY--GEOGRAPHIC NAME
Geographic name United Kingdom
Chronological subdivision
690 ## - LOCAL SUBJECT ADDED ENTRY--TOPICAL TERM (OCLC, RLIN)
Topical term or geographic name as entry element Construction management
9 (RLIN) 6230
942 ## - ADDED ENTRY ELEMENTS (KOHA)
Suppress in OPAC 0
Holdings
Withdrawn status Lost status Source of classification or shelving scheme Damaged status Not for loan Home library Current library Shelving location Date acquired Total Checkouts Full call number Barcode Date last seen Copy number Price effective from Koha item type
    Dewey Decimal Classification     London London Books 30/01/2017   692.8 GRE 30079058 06/08/2019 1 06/08/2019 Book